1486 1007 1352 1176 1692 1071 1101 1279 1936 1299 1385 1536 1429 1348 1992 1477 1038 1813 1618 1563 1400 1878 1175 1153 1740 1873 1944 1925 1376 1689 1966 1845 1650 1395 1646 1578 1593 1547 1613 1880 1153 1478 1161 1470 1675 1905 1323 1645 1407 1241 2000 1098 1275 1362 1347 1241 1994 1597 1121 1692 1225 1437 1346 1522 1123 1807 1582 1716 1551 1745 1319 1398 1705 1468 1063 1623 1757 1838 1142 1856 1122 1389 1568 1562 1183 1016 1293 1817 1411 1826 1444 1763 1509 1303 1960 1918 1822 1788 1413 BCNSPRNW ULIB Ver.6.0+V

เปลี่ยนเป็นภาษาไทย

Change to English
 แสดงรายละเอียดบรรณานุกรม
  กลับหน้าหลัก

Brief Record : Get Marc (ISO 2709) : E-mail record : QR code < ปิดหน้าต่าง
LEADER : 00000nam 2200000uu 4500
001    13399108685
003     ULIB
008    110311s2550||||th 000 0 tha d
020    9789747222715
060 04 QZ365^bก351ม 2550
245 00 มะเร็งต่อมลูกหมาก =^bProstate cancer /^cกองบรรณาธิการ,จุฑามาศ แอนเนียน
246 31 Prostate cancer
250    พิมพ์ครั้งที่ 2
260    กรุงเทพฯ :^bใกล้หมอ,^c2550
300    162 หน้า :^bภาพประกอบ ;^c21 ซม.
650  7 ต่อมลูกหมาก, เนื้องอก
700 0  จุฑามาศ แอนเนียน,^eบรรณาธิการ
945    ^p155^l0^i021294
945    ^p155^l0^i021248
945    ^p155^l0^i021247
945    ^p155^l0^i021295
995    ทศพร
999 ^a ใช้งานได้ทุกระบบ
รายการนี้ยังไม่มีแท็ก
คุณยังไม่ได้ล็อกอิน คุณสามารถมีกิจกรรมร่วมกับเว็บไซต์ได้ แต่ต้องล็อกอินก่อน ::
  ล็อกอิน

รายการสื่อสารสนเทศ

ลำดับที่ ประเภท เลขเรียก/บาร์โค้ด สถานที่ สถานะ
- ไม่พบข้อมูล -

รายการใกล้เคียง
    หัวเรื่อง [ต่อมลูกหมาก, เนื้องอก]

BibComment


ยังไม่เคยถูกคอมเมนท์

คอมเมนท์ทรัพยากรรายการนี้
  คอมเมนท์: มะเร็งต่อมลูกหมาก..


 Copyright 2026. Bcnsprnw @Library